Top 5 países com mais pombos - Statistics

Estatísticas Gerais
  • Esse quiz foi jogado 139 vezes
  • A pontuação média é 7 de 15
Estatísticas das Respostas
dica Resposta % Correto
Mamma mia Italia
79%
Preconceito Argentina
68%
Areia Egito
68%
Petrolio rico Arábia Saudita
66%
Money Eua
64%
Petrolio Venezuela
58%
Ladrao Portugal
55%
Maconha Jamaica
54%
Ai minha vuaida Angola
50%
Sede África
48%
Duvido tu escrever Liechtenstein
33%
Calor do inferno Piaui
14%
Uber Uberlandia
9%
Brasil Campo maior
1%
Fumo Paris
1%
Nenhum quiz correspondente encontrado
Distribuição das Pontuações
Porcentagem de Pessoas com Cada Pontuação
Percentil de Números Respondidos
Sua Pontuação Histórica
Você não jogou esse quiz